000 00605nam a22002417a 4500
001 30165
003 UA-OsUOA
005 20220714113758.0
007 ta
008 20041105b un ||||| |||| 00| 0 ukr d
040 _aUA-OsUOA
_brus
_cUA-OsUOA
_dUA-OsUOA
041 _arus
044 _aRU
080 _a911(477)(038)
090 _a911(477)(038)
_bС48
245 _aСловарь географических названий Украинской ССР
260 _aМосква
_bНаука
_c1976
300 _a260 с.
505 _gт. 1
650 7 _2UDC
942 _cBK
_2udc
955 _a0
999 _c316572
_d316572